Történelmi materializmus
Elmentve itt :
| További közreműködők: | |
|---|---|
| Adatforrás: | Philobibl |
| Dokumentumtípus: | Könyv |
| Nyelv: | magyar |
| Megjelent: |
Bp.
Kossuth
1980
|
| LEADER | 00292nam a2200109 c 4500 | ||
|---|---|---|---|
| 001 | bibPHI0036799 | ||
| 005 | 20200924123716.7 | ||
| 008 | 100218s1980 hu hun | ||
| 245 | 0 | 0 | |a Történelmi materializmus |c összeáll. Poór József |
| 260 | |a Bp. |b Kossuth |c 1980 | ||
| 300 | |a 260 p. | ||
| 700 | 1 | |a Poór József | |